Flora, fauna y áreas silvestres (Registro nro. 16908)

Detalles MARC
000 -CABECERA
Campo de control 01007aas a2200253 4500
005 - FECHA Y HORA DE LA ULTIMA TRANSACCION
Campo de control 20191224042205.0
008 - ELEMENTOS DE LONGITUD FIJA—INFORMACION GENERAL
Campo de control 180419s1986 cl ux|p|r|||| 00| 0 spa d
040 ## - FUENTE DE CATALOGACIÓN
Agencia catalogadora original CO-BoIAVH
Agencia transcriptora CO-BoIAVH
041 0# - IDIOMA
Código de idioma para texto/pista de sonido o título separado Español
044 ## - PAÍS DE PUBLICACIÓN
País de publicación Chile
090 ## - CLASIFICACIÓN LOCAL
Colección SE
245 10 - MENCION DE TITULO
Título Flora, fauna y áreas silvestres
260 ## - PUBLICACION, DISTRIBUCION, ETC. (PIE DE IMPRENTA)
Lugar de publicación, distribución, etc. Santiago de Chile (Chile) :
Nombre del editor, distribuidor, etc. Organización de las Naciones Unidas para la Agricultura y la Alimentación,
Fecha de publicación, distribución, etc. 1986-.
300 ## - DESCRIPCION FISICA
Otros detalles físicos ilustraciones :
Dimensiones 26 cm.
310 ## - FRECUENCIA ACTUAL DE LA PUBLICACIÓN
Frecuencia actual de la publicación Desconocido
321 ## - FRECUENCIA ANTERIOR DELA PUBLICACIÓN
Frecuencia anterior de la publicación 3 veces al año
504 ## - NOTA DE BIBLIOGRAFIA, ETC.
Nota de bibliografía Incluye referencias bibliográficas.
650 26 - ASIENTO SECUNDARIO DE MATERIA - TERMINO TEMATICO
9 (RLIN) 90884
Término temático o nombre geográfico como elemento de entrada Reservas naturales
Subdivisión de forma Publicaciones periódicas
Subdivisión geográfica América Latina
650 26 - ASIENTO SECUNDARIO DE MATERIA - TERMINO TEMATICO
Término temático o nombre geográfico como elemento de entrada Zonas protegidas
Subdivisión geográfica América Latina
Subdivisión de forma Publicaciones periódicas
9 (RLIN) 90885
650 26 - ASIENTO SECUNDARIO DE MATERIA - TERMINO TEMATICO
Término temático o nombre geográfico como elemento de entrada Vida silvestre
Subdivisión geográfica América Latina
Subdivisión de forma Publicaciones periódicas
9 (RLIN) 90886
710 2# - ASIENTO SECUNDARIO - NOMBRE CORPORATIVO
Nombre corporativo o de jurisdicción como elemento de entrada Programa de las Naciones Unidas para el Medio Ambiente
9 (RLIN) 95216
710 1# - ASIENTO SECUNDARIO - NOMBRE CORPORATIVO
Nombre corporativo o de jurisdicción como elemento de entrada Organización de las Naciones Unidas para la Alimentación y la Agricultura (FAO)
9 (RLIN) 23493
942 ## - ELEMENTOS ADICIONALES (KOHA)
Tipo de ítem Periodica o revista
Sistema de clasificación Local
Serial record 1
Existencias
Withdrawn status Lost status Damaged status No para préstamo Colección Fecha publicación (Año) Volumen revista Número revista Ubicación Permanente Ubicación actual Fecha de adquisición Fuente de adquisición Total Checkouts Número topográfico Inventario / Código de Barras Date last seen Ejemplar Price effective from Forma de adquisición Tipo de material Sistema de Clasificación Inventariado Datos de publicación Seriada
        Hemeroteca 1989 3 11 Bogotá Bogotá 19/04/2018     SE 007256 19/04/2018 Ej. 1 19/04/2018 Donación Periodica o revista Local Inventariado 2017 Año 3, Nro. 11
        Hemeroteca 1994 8 29 Bogotá Bogotá 19/04/2018     SE 007260 19/04/2018 Ej. 1 19/04/2018 Donación Periodica o revista Local Inventariado 2017 Año 8, Nro. 20
        Hemeroteca 1996 10 23 Bogotá Bogotá 19/04/2018     SE 007261 19/04/2018 Ej. 1 19/04/2018 Donación Periodica o revista Local Inventariado 2017 Año 10, Nro. 23
        Hemeroteca 1994 8 19 Bogotá Bogotá 19/04/2018     SE 007259 19/04/2018 Ej. 1 19/04/2018 Donación Periodica o revista Local Inventariado 2017 Año 8, Nro. 19
        Hemeroteca 1990 4 12 Bogotá Bogotá 19/04/2018     SE 007257 19/04/2018 Ej. 1 19/04/2018 Donación Periodica o revista Local Inventariado 2017 Año 4, Nro. 12
        Hemeroteca 1991 5 13 Bogotá Bogotá 19/04/2018     SE 007852 19/04/2018 Ej. 1 19/04/2018 Donación Periodica o revista Local Inventariado 2017 Año 5, Nro. 13
        Hemeroteca 1993 7 17 Villa de Leyva Villa de Leyva 15/03/2001 Desconocido   SERIADAS 00536 007258 25/03/2015 1 25/03/2015   Periodica o revista